| 000 | 00000cam 2200000zi 4500 |
| 001 | 9.962627 |
| 003 | CaOODSP |
| 005 | 20260511145235 |
| 006 | m o d f |
| 007 | cr |n||||||||| |
| 008 | 260507s2005 oncab ob f|0| 0 eng d |
| 020 | |z077853832X |
| 040 | |aCaOODSP|beng|erda|cCaOODSP |
| 043 | |an-cn-bc|an-cn-ab |
| 086 | 1 |aM183-2/4943E-PDF |
| 100 | 1 |aHickin, A. S., |eauthor. |
| 245 | 10|aPoster presentations of quaternary studies in northeastern British Columbia and northwestern Alberta : |bmineral exploration roundup 2005 / |cA.S. Hickin and R.C. Paulen (compilers). |
| 264 | 1|a[Ottawa] : |bGeological Survey of Canada, |c[2005] |
| 300 | |a1 online resource (12, [6] pages) : |billustrations, maps. |
| 336 | |atext|btxt|2rdacontent |
| 337 | |acomputer|bc|2rdamedia |
| 338 | |aonline resource|bcr|2rdacarrier |
| 490 | 1 |aOpen file ; |v4943 |
| 490 | 0 |aPetroleum geology open file ; |v2005-1 |
| 490 | 0 |aInformation series ; |v131 |
| 504 | |aIncludes bibliographical references. |
| 520 | |a"This publication contains the presentations by Northern Resource Development Project 4450 participants (Geological Survey of Canada, Alberta Geological Survey and British Columbia Resource Development and Geoscience Branch) on various Quaternary geology topics currently being undertaken in northeastern British Columbia and northwestern Alberta given at the Mineral Exploration Roundup 2005, “Discovering Our Future”, January 24-27, 2005." |
| 650 | 0|aGeology, Stratigraphic|yQuaternary|vPosters. |
| 650 | 0|aGeological surveys|zAlberta|vPosters. |
| 650 | 0|aGeological surveys|zBritish Columbia|vPosters. |
| 650 | 6|aStratigraphie|yQuaternaire|vAffiches. |
| 650 | 6|aÉtudes géologiques|zAlberta|vAffiches. |
| 650 | 6|aÉtudes géologiques|zColombie-Britannique|vAffiches. |
| 655 | 7|aPosters|2lcgft |
| 655 | 7|aAffiches|2rvmgf |
| 710 | 2 |aGeological Survey of Canada, |eissuing body. |
| 710 | 2 |aAlberta Geological Survey, |eissuing body. |
| 710 | 1 |aBritish Columbia. |bMinistry of Energy and Mines, |eissuing body. |
| 830 | #0|aOpen file (Geological Survey of Canada)|v4943.|w(CaOODSP)9.506878 |
| 856 | 40|qPDF|s214 MB|uhttps://publications.gc.ca/collections/collection_2026/rncan-nrcan/m183-2/M183-2-4943-eng.pdf |
| 856 | 4 |qHTML|sN/A|uhttps://doi.org/10.4095/220852 |